00498nam a2200169Ia 450000500170000000800410001704000190005804100120007708200160008910000240010524500530012926000420018230000310022450400480025565000150030385000100031820250630104939.0131103s9999 xx 000 0 und d aLoreto College aEnglish a551.52bTRE aTrewartha, Glenn T. 4aThe Earth's problem climatescGlenn T. Trewartha aLondonbUniversity of Wisconsinc1962 a334p.b ill., charts, fig. aPublished in Great Britain by Melhuen & Co. aMeterology aLCLIB